000 00458nam a2200169Ia 4500
008 131103s9999 xx 000 0 und d
040 _aLoreto College
041 _aEnglish
082 _a840.9/STR
_bLCLIB/
100 _aStrachey, Lytton
245 _aLandmarks in french literature
_cLytton Strachey
260 _aLondon
_bChatto and Windus
_c1948
300 _a160p.
_c 20cm.
650 _aFrench literature
850 _aLCLIB/840.9/STR
942 _cBK
999 _c24256
_d74735